| 000 | 01371 a2200253 4500 | ||
|---|---|---|---|
| 001 | 45958 | ||
| 005 | 20260407155732.0 | ||
| 008 | 260407a arg spa d | ||
| 003 | AR-UNSa-BCEJYS | ||
| 040 |
_aAR-UNSa-BCEJYS _bspa _cAR-UNSa-BCEJYS |
||
| 080 |
_a342.7-055.15 _xDerechos de los niños/as |
||
| 245 | 1 | 0 |
_aDerechos de la niñez e inversión social _pprofundizando compromisos de la UNC respecto de los derechos de niños, niñas y jóvenes |
| 020 | _a978-950-33-0777-9 | ||
| 264 | 1 |
_aCórdoba : _bUniversidad Nacional de Córdoba |
|
| 300 |
_a215 p. _c15 cm. |
||
| 505 | _a1. Elementos teóricos para el análisis / María Inés Laje y María Romina Cristini – 2. Gasto Público destinado a la niñez en la Provincia de Córdoba / Juan José Pompilio Sartori – 3. Indicadores e impacto social según el enfoque de derechos / María Inés Laje, Analía Pumo y María Romina Cristini – 4. Los niños, sujetos de discursos / Ana Beatriz Ammann – 5. Reflexiones finales / Cecilia Berra, Juan José Pompilio Sartori, María Inés Laje y Ana Beatriz Ammann - | ||
| 041 | _aspa | ||
| 942 | _cBK | ||
| 590 | _aniveau_biblio:m niveau_hierar:0 | ||
| 100 | 1 | _aFundación Arcor | |
| 700 | 1 | _aUNICEF | |
| 700 | 1 | _aUniversidad Nacional de Córdoba | |
| 856 | 4 | 1 |
_uhttps://www.biblioeco.unsa.edu.ar/pmb/images/libros/L127247.jpg _yImagen de portada _qimage/jpeg |
| 999 |
_c4087 _d4087 |
||